00430nam a2200145 4500001000700000003000900007005001700016007000300033008004100036100002300077245007700100260005200177300003400229852002100263148704ES-MaACL20230906202753.0t|070214s1916 fr r ||||1| fre d1 aSuarès, André.10aCervantès / cAndré Suarès [seud. de Felix André Ives Scantrel]. aParis : bEmile-Paul Frères, c1916 (fChaix) a4 h., 121 p., 2 h. ; c19 cm. aES-MaACLjD-3473